000 01528nam a2200397 c 4500
003 BLK
005 20250108153306.0
008 180410b bul|||||r ||||||| ||bul||
010 _aKNG00170312000
020 _a9789546553928
040 _aBLK
041 _aBUL
_cBUL
072 7 _2bullib
_aН83
_xЧужда художествена литература Н
080 _aАмериканска литература (на САЩ)
_b821.111(73)
_x-31
_z821.111(73)-31
100 1 _aШоу, Ъруин
_eпърви автор
_9242605
139 _aШоу, Ъруин
_bШ 88
245 1 0 _aМладите лъвове
_bРоман
_cЪруин Шоу; прев. от англ. Бистра Винарова; прев. от англ. Юрий Генов.
250 _a3. изд.
257 _aUSA
260 _bБард
_c2013
_fХасково : Полиграфюг
300 _a798 с.
_c21 см
380 _aX
490 1 _aМодерна класика
500 _a1. изд. 1983 на ОФ. - Ориг. загл.: The young lions / Irwin Shaw
659 _aН
700 1 _aВинарова, Бистра Младенова
_9319829
700 1 _aГенов, Юрий
_eпрев. от англ.
_9330852
852 _aЦб 272503
_bЦб
852 _bП
_c821-31/Ш 88 Ъ
856 4 _qpdf
856 4 _qpdf
942 _cKNG
_n0
_02
944 _aCR
_c27.01.2015
_k30530
_lМинев Младен
944 _aED
_c24.06.2015
_kГрета_Цуфелде
944 _aED
_c2024-11-07
_kМ.Я.
999 _c162928
_d162928